| 000 | 00581nam a22002177a 4500 | ||
|---|---|---|---|
| 003 | UA-OsUOA | ||
| 001 | 74492 | ||
| 007 | ta | ||
| 008 | 20110411b un ||||| |||| 00| 0 ukr d | ||
| 100 | _aДробязко А. | ||
| 090 |
_a330(477) _bД75 |
||
| 942 | _cSA | ||
| 040 |
_aUA-OsUOA _brus _cUA-OsUOA _dUA-OsUOA |
||
| 245 | _aОсобенности банковского кризиса | ||
| 300 | _aС.5 | ||
| 955 | _a0 | ||
| 041 | _arus | ||
| 080 | _a330(477) | ||
| 773 | 0 |
_w74490 _tУкраїна- business _dК. _d2011 _g13 |
|
| 650 | 7 |
_a330 Економіка взагалі _2UDC |
|
| 999 |
_c360782 _d360782 |
||